Capital Cities with more than One Word - Statistics

General Stats
  • This quiz has been taken 66 times
    51 since last reset
  • The average score is 20 of 32
Answer Stats
Capital City % Correct
Mexico City
84%
Guatemala City
75%
Addis Ababa
73%
Buenos Aires
73%
Panama City
73%
Kuala Lumpur
70%
Port-au-Prince
70%
Port Moresby
70%
San Salvador
70%
Abu Dhabi
68%
St. John's
68%
La Paz
66%
San José
66%
Vatican City
66%
Andorra la Vella
64%
New Delhi
64%
Santo Domingo
64%
Washington, D.C.
64%
San Marino
61%
Cape Town
59%
St. George's
59%
Kuwait City
57%
Port Louis
57%
Port of Spain
57%
Sri Jayawardenepura Kotte
55%
Bandar Seri Begawan
52%
Porto-Novo
52%
Port Vila
50%
São Tomé
48%
Phnom Penh
43%
South Tarawa
39%
Nur-Sultan
36%
No matching quizzes found
Score Distribution
Percent of People with Each Score
Percentile by Number Answered
Your Score History
You have not taken this quiz since the last reset